| 000 | 00647nam a2200229 a 4500 | ||
|---|---|---|---|
| 999 |
_c6244 _d6244 |
||
| 001 | 6244 | ||
| 003 | BD-JhCC | ||
| 005 | 20180117181213.0 | ||
| 008 | 180117s1963 e |||| || | 000 0 eng d | ||
| 035 | _a(BD-JhCC)6244 | ||
| 040 |
_aBD-JhCC _dBD-JhCC |
||
| 041 | _aeng | ||
| 082 |
_a428.1 _bAND 1963 |
||
| 100 | _aAnderson, Kenneth | ||
| 245 |
_aThe Harrap Spelling Books for Tropical Schools 3 / _c Kenneth Anderson and Henry William Howes, |
||
| 260 |
_aLondon : _bGeorge G. Harrap & Co. Ltd, _c1963 |
||
| 300 |
_a47 p. : _c20 cm. |
||
| 650 | _aReaders (Elementary) | ||
| 700 | _aHowes, Henry William | ||
| 942 |
_2ddc _cBK |
||